La Situación estratégica de América Latinas. Estados Unidos y la Seguridad Regional /
Αποθηκεύτηκε σε:
| Συλλογικό Έργο: | , |
|---|---|
| Μορφή: | Κείμενο |
| Έκδοση: |
Santiago:
CESOC
|
| Ετικέτες: |
Προσθήκη ετικέτας
Δεν υπάρχουν, Καταχωρήστε ετικέτα πρώτοι!
|
MARC
| LEADER | 00000 a a2200000 04500 | ||
|---|---|---|---|
| 001 | 25470 | ||
| 003 | |||
| 040 | |a CRAI/IIS |c CRAI/IIS | ||
| 020 | |a 956-211-022-1 | ||
| 090 | |a 151700 | ||
| 110 | |a Centro Latinoamericano de Defensa y Desarme | ||
| 245 | |a La Situación estratégica de América Latinas. Estados Unidos y la Seguridad Regional / |c Centro Latinoamericano de Defensa y Desarme | ||
| 260 | |a Santiago: |b CESOC | ||
| 300 | |a 350 p | ||
| 710 | |a Programa de Estudios Conjuntos de Relaciones Internacionales de América Latina | ||
| 999 | |c 2854 |d 2854 | ||
